000 00874nam a2200277 4500
001 54026
003 ES-MaACL
005 20230906162857.0
007 t|
008 031121s1983 sp ||||0| spa d
016 7 _zIBH8405811630
020 _a84-86189-01-02
040 _aIBH
_bspa
_cM-BN-DP
080 _a330.85:301
080 _a301.185.2
100 1 _aLefebvre, Henri.
_971225
245 1 3 _aEl pensamiento marxista y la ciudad /
_cHenri Lefebvre ; edición al cuidado de Carmen Gavira Golpe ; traducción de Fabio Velázquez Carrillo.
260 _aMadrid :
_bUniversidad Politécnica,
_c[1983]
300 _a149 p ;
_c20 cm.
650 1 4 _aMarxismo.
_914803
650 1 4 _aSociología urbana.
_917217
700 1 _aGavira, Carmen.
_956087
700 1 _aVelázquez Carrillo, Jaime.
_9113809
852 _aES-MaACL
_jL-26669
_bR.132240
999 _c54026
_d54026